000 00922cam a22002654a 4500
001 15268154
003 OSt
005 20210211153238.0
008 080305s2007 ck l 001 0 spa
010 _a 2008417531
020 _a9583505390
040 _aDLC
_cCO-JMCR
043 _as-ck---
082 0 4 _a347 /
_bC718c
_223
110 1 _aColombia.
_98040
240 1 0 _aCódigo de comercio (1971)
245 1 0 _aCódigo de comercio :
_bDecreto 410 de 1971.
250 _atercera edición
260 _aBogotá, Colombia :
_bTemis,
_c2007.
300 _a1247 páginas
_c17 cm.
490 0 _aCódigos de bolsillo Jorge Ortega Torres ;
_v6
505 0 _aDe los comerciantes y de los asuntos de comercio -- De las sociedades de comercio -- De los bienes mercantiles -- De los contratos y obligaciones mercantiles -- De la navegación -- Procedimientos
650 1 4 _aLey comercial
_zColombia.
_913357
942 _2ddc
_cBK
999 _c7169
_d7169